Normal view
MARC view
Entry Personal Name
001 - CONTROL NUMBER
- control field: 95612
003 - CONTROL NUMBER IDENTIFIER
- control field: MY-SjTCS
005 - DATE AND TIME OF LATEST TRANSACTION
- control field: 20191212152355.0
008 - FIXED-LENGTH DATA ELEMENTS
- fixed length control field: 191212|| aca||aabn | a|a d
040 ## - CATALOGING SOURCE
- Original cataloging agency: MY-SjTCS
- Transcribing agency: MY-SjTCS
100 ## - HEADING--PERSONAL NAME
- Personal name: Owen, Stephanie
- Version: (j.a.)
670 ## - SOURCE DATA FOUND
- Source citation: Work cat.: (MY-SjTCS): Smith, B. J. 8748, Acoustics and noise control /, 1996.